Szczegóły MARC21

L'Idéologie française /

003 -Nazwa inst., której nr kontr. jest w polu 001 [,]
    • @
    • Nazwa instytucji, której n kontrolny jest w polu 001
    • NUKAT
005 -DATA I CZAS OSTATNIEJ MODYFIKACJI [,]
    • @
    • pole kontrolne
    • 20241231093208.0
020 -Międzynarod. znormalizowany nr książki - ISBN [ , ]
    • a
    • Numer ISBN
    • 2246212111 Find
040 -Instytucja sporządzająca opis [ , ]
    • a
    • Instytucja, która sporządziła opis (NP)
    • TOR U/kn
    • c
    • Instytucja, która sporządziła rekord (NP)
    • TOR U/kn
    • d
    • Instytucja, która zmodyfikowała rekord (P)
    • TOR U/kn
    • d
    • Instytucja, która zmodyfikowała rekord (P)
    • TOR U/UDs
942 -Rodzaj dokumentu [ , ]
    • c
    • Rodzaj dokumentu
    • Książka
100 -Hasło główne - nazwa osobowa [1, ]
    • a
    • Nazwa osobowa (NP)
    • Lévy, Bernard-Henri
    • d
    • Daty biograficzne (NP)
    • (1948- ).
    • 9
    • KHW
    • 243077
245 -Strefa tytułu i oznaczenia odpowiedzialności [1,2]
    • a
    • Tytuł
    • L'Idéologie française / Find
    • c
    • Pozostałe elementy strefy tytułu i oznaczenia odpowiedzialności (NP)
    • Bernard-Henri Lévy.
260 -Strefa adresu wydawniczego [ , ]
    • a
    • Miejsce wydania (P)
    • Paris :
    • b
    • Nazwa wydawcy (P)
    • Bernard Gasset,
    • c
    • Data wydania (P)
    • 1981.
300 -Strefa opisu fizycznego [ , ]
    • a
    • Określenie formy książki i/lub objętość (NP)
    • 340, [7] s. ;
    • c
    • Format (NP)
    • 23 cm.
336 -Typ zawartości [ , ]
    • a
    • Termin opisujący typ zawartości
    • Tekst
    • b
    • Kod określający zawartość
    • txt
    • 2
    • Źródło (terminu i kodu)
    • rdacontent
337 -Typ mediów [ , ]
    • a
    • Tryb odtwarzania
    • Bez urządzenia pośredniczącego
    • b
    • Kod typu mediów
    • n
    • 2
    • Źródło (terminu i kodu)
    • rdamedia
338 -Typ/rodzaj nośnika [ , ]
    • a
    • Hasło opisujące typ nośnika
    • Wolumin
    • b
    • Kod typu nośnika
    • nc
    • 2
    • Źródło (terminu i kodu)
    • rdacarrier
490 -Strefa serii i książki wielotomowej - forma nie do wyszukiwania [1, ]
    • a
    • Tytuł (P)
    • Collection "Figures" Find
830 -Hasło dodatkowe serii i opisu książki wielotomowej - tytuł ujednolicony/tytuł [ ,0]
    • a
    • Tytuł ujednolicony/tytuł (NP)
    • Figures
    • x
    • ISSN
    • 0335-6809
    • 9
    • KHW
    • 644559
080 -Uniwersalna Klasyfikacja Dziesiętna [ , ]
    • a
    • Symbol klasyfikacji
    • 308(44)=40
080 -Uniwersalna Klasyfikacja Dziesiętna [ , ]
    • a
    • Symbol klasyfikacji
    • :008(44)=40
080 -Uniwersalna Klasyfikacja Dziesiętna [ , ]
    • a
    • Symbol klasyfikacji
    • :316.75(44)=40
650 -Hasło przedmiotowe [ ,7]
    • a
    • Hasło przedmiotowe
    • Faszyzm
    • z
    • Określnik geograficzny
    • Francja
    • y
    • Określnik chronologiczny
    • 1900-1945.
    • 2
    • Źródło terminu
    • kaba
    • 9
    • KHW
    • 350027
651 -Hasło przedmiotowe w formie nazwy geograficznej [ ,7]
    • a
    • Nazwa geograficzna
    • Francja
    • x
    • Określnik rzeczowy
    • polityka i rządy
    • y
    • Określnik chronologiczny
    • 1914-1940.
    • 2
    • Źródło terminu
    • kaba
    • 9
    • KHW
    • 109302
651 -Hasło przedmiotowe w formie nazwy geograficznej [ ,7]
    • a
    • Nazwa geograficzna
    • Francja
    • x
    • Określnik rzeczowy
    • polityka i rządy
    • y
    • Określnik chronologiczny
    • 1940-1945.
    • 2
    • Źródło terminu
    • kaba
    • 9
    • KHW
    • 109303
980 -Symbol UKD [ , ]
    • a
    • UKD
    • 308:008:316.75](44)=40
920 -ISBN [ , ]
    • a
    • ISBN
    • 2-246-21211-1 Find
Numer inwentarzowy Data inwentaryzacji Status udost. Lokalizacja Sygnatura
A.58862000-10-161BMFR. Filozofia 03